00767nam0a22002171 4500001001500000005001700015035002600032100004100058101001300099102000700112105001800119200016800137210006600305215001800371700004800389702002500437801001800462801002200480801002700502852002000529v19\rc\183564520250619141748.0 a(NLR Aleph) 004930233 a20071224d1909 |||y0rusy50 ca1 aruscjpn aRU aa z |||||1 aОтчего я так красива и молода?e(Откровение японки)fИоначивара МасакадоgПер. с яп. А. Фуджи aСанкт-Петербургcт-во "Ниппон"d[1909] a32 с.cил. 1aМасакадоbИ.gИоначивара 1aФуджиbА.4730 0aRUbNLRgpsbo 0aRUbRuMoRGB2psbo 1aRUbProSoft-M2rusmarc aNLRj34.50.8.69